Effects of computer games on the study habits of grade 6. (Record no. 96100)
[ view plain ]
| 000 -LEADER | |
|---|---|
| fixed length control field | 00401nam a2200145 a 4500 |
| 005 - DATE AND TIME OF LATEST TRANSACTION | |
| control field | 20140408090005.0 |
| 008 - FIXED-LENGTH DATA ELEMENTS--GENERAL INFORMATION | |
| fixed length control field | 021022s19uu xx 00 eng d |
| 050 ## - LIBRARY OF CONGRESS CALL NUMBER | |
| Classification number | PGS '96 |
| Item number | Cul #2 |
| 050 ## - LIBRARY OF CONGRESS CALL NUMBER | |
| Classification number | PGS '96 |
| Item number | Cul #2 |
| 050 ## - LIBRARY OF CONGRESS CALL NUMBER | |
| Classification number | PGS '96 |
| Item number | Cul #2 |
| 050 ## - LIBRARY OF CONGRESS CALL NUMBER | |
| Classification number | PGS '96 |
| Item number | Cul #2 |
| 100 ## - MAIN ENTRY--PERSONAL NAME | |
| Personal name | Culalic, Reuel Vernon E. |
| 245 ## - TITLE STATEMENT | |
| Title | Effects of computer games on the study habits of grade 6. |
| 942 ## - ADDED ENTRY ELEMENTS (KOHA) | |
| Koha item type | PASS |
| Withdrawn status | Lost status | Damaged status | Home library | Current library | Shelving location | Date acquired | Source of acquisition | Total Checkouts | Full call number | Barcode | Date last seen | Price effective from | Koha item type |
|---|---|---|---|---|---|---|---|---|---|---|---|---|---|
| Luxembourg Library | Luxembourg Library | Portfolio Assessment of SISC Students Section | 11/12/2002 | PGS '96 Cul #2 | P0003 | 03/30/2020 | 04/08/2014 | PASS | |||||
| Luxembourg Library | Luxembourg Library | Portfolio Assessment of SISC Students Section | 11/27/2002 | PGS '96 Cul #2 | P0004 | 04/08/2014 | 04/08/2014 | PASS | |||||
| Luxembourg Library | Luxembourg Library | Portfolio Assessment of SISC Students Section | 11/27/2002 | PGS '96 Cul #2 | P0005 | 04/08/2014 | 04/08/2014 | PASS | |||||
| Luxembourg Library | Luxembourg Library | Portfolio Assessment of SISC Students Section | 06/11/2003 | PGS '96 Cul #2 | P0492 | 04/08/2014 | 04/08/2014 | PASS |